<?xml version="1.0" encoding="UTF-8"?>
<record
    xmlns:xsi="http://www.w3.org/2001/XMLSchema-instance"
    xsi:schemaLocation="http://www.loc.gov/MARC21/slim http://www.loc.gov/standards/marcxml/schema/MARC21slim.xsd"
    xmlns="http://www.loc.gov/MARC21/slim">

  <leader>01530nam a22002177a 4500</leader>
  <controlfield tag="005">20260128090448.0</controlfield>
  <controlfield tag="008">260127b        |||||||| |||| 00| 0 eng d</controlfield>
  <datafield tag="020" ind1=" " ind2=" ">
    <subfield code="a">9789364446310</subfield>
  </datafield>
  <datafield tag="040" ind1=" " ind2=" ">
    <subfield code="c">AL</subfield>
  </datafield>
  <datafield tag="041" ind1=" " ind2=" ">
    <subfield code="a">English</subfield>
  </datafield>
  <datafield tag="082" ind1=" " ind2=" ">
    <subfield code="a">327</subfield>
    <subfield code="b">KUMI</subfield>
  </datafield>
  <datafield tag="100" ind1=" " ind2=" ">
    <subfield code="a">Ashok Kumar</subfield>
    <subfield code="9">252866</subfield>
  </datafield>
  <datafield tag="245" ind1=" " ind2=" ">
    <subfield code="a">International relations</subfield>
    <subfield code="b">: For civil services and state services examinations</subfield>
  </datafield>
  <datafield tag="260" ind1=" " ind2=" ">
    <subfield code="a">Chennai</subfield>
    <subfield code="b">McGraw Hill Education(India) Private Limited</subfield>
    <subfield code="c">2026</subfield>
  </datafield>
  <datafield tag="300" ind1=" " ind2=" ">
    <subfield code="a">325 p.</subfield>
    <subfield code="b">PB</subfield>
    <subfield code="c">24x18 cm.</subfield>
  </datafield>
  <datafield tag="365" ind1=" " ind2=" ">
    <subfield code="a">BLR8-8258085</subfield>
    <subfield code="b">&#x20B9;299.10</subfield>
    <subfield code="c">&#x20B9;</subfield>
    <subfield code="d">&#x20B9;299.10</subfield>
    <subfield code="f">15-01-2026</subfield>
  </datafield>
  <datafield tag="520" ind1=" " ind2=" ">
    <subfield code="a">This book is a definitive guide for UPSC aspirants, offering up-to-date coverage of India&#x2019;s foreign policy, global affairs, and international developments. It provides deep insights into India&#x2019;s relations with China, the US, Pakistan, Turkey, Russia, other countries. It also includes thorough analysis of critical issues such as the Pahalgam attack, the Indus Water Treaty, and the future trajectory of India-Pakistan ties. The book also covers major global events, including the 17th BRICS Summit, the 51st G7 Summit, and the G20 under South Africa&#x2019;s 2025 presidency. Key updates on India&#x2019;s diaspora policy&#x2014;including rising visa restrictions and other developments affecting Indian migrants&#x2014;are explored, along with significant developments in international organizations such as the UN, IMF, WTO, NATO, WHO, and the EU (2024&#x2013;2025)</subfield>
  </datafield>
  <datafield tag="650" ind1=" " ind2=" ">
    <subfield code="a">International relations</subfield>
    <subfield code="9">252863</subfield>
  </datafield>
  <datafield tag="700" ind1=" " ind2=" ">
    <subfield code="a">Mohan, Rajesh Kumar</subfield>
    <subfield code="9">252864</subfield>
  </datafield>
  <datafield tag="942" ind1=" " ind2=" ">
    <subfield code="2">ddc</subfield>
    <subfield code="c">BK</subfield>
  </datafield>
  <datafield tag="999" ind1=" " ind2=" ">
    <subfield code="c">240824</subfield>
    <subfield code="d">240824</subfield>
  </datafield>
  <datafield tag="952" ind1=" " ind2=" ">
    <subfield code="0">0</subfield>
    <subfield code="1">0</subfield>
    <subfield code="2">ddc</subfield>
    <subfield code="4">0</subfield>
    <subfield code="7">0</subfield>
    <subfield code="8">MAN</subfield>
    <subfield code="a">AL</subfield>
    <subfield code="b">AL</subfield>
    <subfield code="c">SK</subfield>
    <subfield code="d">2026-01-21</subfield>
    <subfield code="e">amazon.in</subfield>
    <subfield code="g">299.10</subfield>
    <subfield code="l">0</subfield>
    <subfield code="o">327 KUMI</subfield>
    <subfield code="p">078060</subfield>
    <subfield code="r">2026-01-27 16:52:40</subfield>
    <subfield code="v">299.10</subfield>
    <subfield code="w">2026-01-15</subfield>
    <subfield code="y">BK</subfield>
  </datafield>
</record>
